00508nam a22001697a 450000500170000001000150001702000260003203500140005803700090007208200100008110000220009124500410011326000660015427000600022030000280028070000300030820240521153152.0 aENG-140432 a9789392038204c825.00 aEN-123964 bDBAD a930.1 aChilde, V. Gordon aThe Bronze Age/cby V. Gordon Childe aAssambEBH Publishers, an imprint of Eastern Book Housec2022 a136, M.L. Nehru Road, Panbazar, GuwahatibAssame781001 axii, 258 p.c23cm, (pb} aChilde, V. GordoneAuthor